| 000 | 00820nam a2200217 i 4500 | ||
|---|---|---|---|
| 001 | 38628 | ||
| 003 | ES-MaACL | ||
| 005 | 20251005063037.0 | ||
| 007 | t| | ||
| 008 | 030226s1845 sp ||||1| spa d | ||
| 100 | 1 |
_aCammarano, Salvatore, _d1801-1852 _9156677 |
|
| 245 | 1 | 0 |
_aLuigi Rolla : _bmelodramma tragico in tre atti = Luis Rolla : melodrama trágico en tres actos, que se ha de representar en el teatro de la Cruz de esta Corte / _c[Salvador Cammarano]. |
| 246 | 3 |
_aLuis Rolla : _bmelodrama trágico en tres actos |
|
| 260 |
_aMadrid : _b[s.n.], _c1845 ( _fImp. y Librería de Don Ignacio Boix) |
||
| 300 |
_a61 p. ; _c19 cm. |
||
| 500 | _aTexto en italiano y español. | ||
| 500 | _aSólo la letra. | ||
| 594 | _aAutor tomado de p. 3 | ||
| 852 | 4 |
_aES-MaACL _jT-737-F-7 |
|
| 999 |
_c38628 _d38628 |
||